00430 2200169 4500001002100000008004100021035002000062245004200082100000800124260003400132300001200166020001800178084001200196082000800208650002600216990001800242INLIS000000000000810 ind  a0010-0724000810 aPedoman Umum Pembentukan IstilahcXXX aXXX aJakarta :bPT. Grasindoc1993 a52 hlm. a979-553-197-2 a415 Ped a415 aTata Bahasa Indonesia aP29/CP/24/810